Estadísticas para Mapa del Medio Oriente

Haz click aquí para tomar la prueba!

Estadísticas generales

  • Esta prueba ha sido tomada 11.406 veces
    (2.937 desde el último reinicio)
  • La puntuación promedio es 14 de 17

Respuestas en el mapa

Las respuestas están codificadas por una escala verde-roja en el mapa de la prueba según el % correcto abajo.
Cargando...
 

Estadísticas de respuestas

Respuesta% Correcto
Egipto
96%
Turquía
93%
Chipre
92%
Arabia Saudita
89%
Omán
86%
Irak
86%
Irán
84%
Emiratos Árabes
Unidos
82%
Israel
80%
Siria
79%
Palestina
78%
Yemen
77%
Baréin
77%
Catar
76%
Kuwait
75%
Jordania
75%
Líbano
72%

Distribución de puntuación

Porcentaje por número respondido

Porcentaje de gente con cada puntuación

Historial de tus puntuaciones

No has tomado esta prueba desde el último reinicio